Quick math quiz only a short quiz 13 - Statistics

General Stats
  • This quiz has been taken 24 times
  • The average score is 13 of 15
Answer Stats
Hint Answer % Correct
144 : 12 = 12
100%
188 - 99 = 89
100%
500 : 4 = 125
93%
76 + 79 = 155
93%
480 - 139 = 341
93%
89 x 5 = 445
93%
445 + 56 = 501
93%
13 x 13 = 169
86%
765 - 489 = 276
86%
66 x 6 = 396
86%
675 - 189 = 486
86%
4 x 14 = 56
86%
696 : 4 = 174
79%
276 : 4 = 69
79%
96 + 79 = 175
71%
No matching quizzes found
Score Distribution
Percent of People with Each Score
Percentile by Number Answered
Your Score History
You have not taken this quiz